Furmanské preteky 2017

Bibliographic Details
Main Authors: Fudalyová, Anna (Author), Hudáček, Tomáš (Author)
Format: Article
Language:Slovak
PhysicalDescription:Fotogr.
ISSN:1335-3845
Subjects:

MARC

LEADER 00000nab a2200000 a 4500
001 vtls011738352
003 SK-MaSNL
005 20260305032052.0
008 180123 2017 xo 000 0 slo
038 |a PPPK 
040 |a PPPKCL  |b slo  |c PPPK  |e AACR2 
041 0 |a slo 
044 |a xo  |c SK 
080 |a 656.128:7.092  |2 2011 
100 1 |a Fudalyová, Anna  |4 aut  |9 267934 
245 1 0 |a Furmanské preteky 2017  |c Anna Fudalyová, Ing. Tomáš Hudáček 
300 |b Fotogr. 
611 2 7 |a Furmanské preteky  |n (11. :  |d 2017 :  |c Lendak, Slovensko)  |2 pppkcl  |9 1610936 
648 7 |a 1.10.2017  |2 pppkcl  |9 1129227 
650 0 7 |a furmanstvo  |2 pppkcl  |9 31563 
650 0 7 |a furmanské súťaže  |2 pppkcl  |9 1039314 
651 7 |a Lendak (Slovensko)  |2 pppkcl  |9 54521 
651 7 |a Kežmarok (Slovensko : okres)  |2 pppkcl  |9 51824 
700 1 |a Hudáček, Tomáš  |4 aut  |9 1099601 
773 0 |t Lendak : občasník o živote obyvateľov obce  |g Roč. XXI, č. 3 (2017), s. 7  |x 1335-3845 
852 |a PPPK  |b KIS3GCP 
999 |c 3318603  |d 3320533